000 00581nam a2200145 i 4500
001 bg
245 0 _aFiziko-chimiceskaja mechanika i liofil'nost' dispersnych sistem :
_brespublikanskich meżvedomstvennyj sbornik naucnych trodov /
_cred. kol. F. D. Ovcarenko [i in.] ; Akademija Nauk Ukrainskoj SSR. Institut Kolloidnoj Chimii i Chimii Vody im. A. V. Dumanskogo.
260 _aKiev :
_b"Naukova Dumka",
_c1984.
300 _a103, [1] s. :
_brys., wykr. ;
_c26 cm.
040 _cBPK
041 _apol
080 _a541.18
942 _cKS
008 s pl f |000 0 pol
999 _c22958
_d22958